000 00435nam a22001817a 4500
003 MPLRDC
005 20220104143917.0
008 210129b ||||| |||| 00| 0 eng d
020 _a983-820-036-0
082 _a494.07 ZX
100 _a张旭主编
245 _a简明英汉商业辞典
_c
250 _a初版
260 _a
_b星洲日报, 联营出版
_c
300 _b
650 _a企业管理
942 _cBK
_o494.07 ZX
999 _c44538
_d44528